| 000 | 00518cam a2200169 4500 | ||
|---|---|---|---|
| 020 | _a0070333181 | ||
| 082 | 0 | 0 |
_a624/.17101512943 _bKAR _cL-26, P-65. |
| 100 | 1 |
_aKardestuncer, Hayrettin. _942701 |
|
| 245 | 1 | 0 | _aElementary matrix analysis of structures. |
| 260 |
_aNew York, _bMcGraw-Hill _c[1974] |
||
| 300 |
_axvii, 428 p. _billus. _c23 cm. |
||
| 526 |
_a0 _b0 _c0 _d624_171015129430000_KAR |
||
| 650 | 0 |
_aMatrices. _92986 |
|
| 650 | 0 |
_aMCE _9379 |
|
| 650 | 0 |
_aStructural analysis (Engineering) _9654 |
|
| 942 |
_2ddc _cBK |
||
| 999 |
_c546546 _d546546 |
||